000 00691nam a2200229Ia 4500
001 10854
003 GE_BSU
008 181216s||||||||xx |||||||||||||| ||und||
040 _cGE_BSU
080 _a821.353.1–32
100 _aქარჩხაძე,ჯემალ
245 _aსასწაული.
245 _bმოთხრობები.
245 _cრედ.ნ.ლორთქიფანიძე;მხატვ.დ.ზარაფიშვილი.
260 _aთბილისი.
260 _bნაკადული.
260 _c1967.
300 _a95გვ;17სმ.
300 _eილ.
653 _aსასწაული.
942 _cBK
999 _c44096
_d44096